[Event "Tourn. n9289"]
[Site "www.chess-mail.com"]
[Date "2017.06.12"]
[Round "1"]
[White "Bitcoin"]
[Black "Danquigley"]
[WhiteElo "2339"]
[BlackElo "2559"]
[Result "1-0"]
[Round "1"]
1.e4 c5
2.Ng1f3 a6
3.Nb1c3 b5
4.d4 cxd4
5.Nf3xd4 Bc8b7
6.Bf1d3 Nb8c6
7.Nd4xc6 Bb7xc6
8.O-O e6
9.Rf1e1 Ng8f6
10.e5 b4
11.exf6 bxc3
12.fxg7 Bf8xg7
13.b3 O-O
14.Qd1h5 f5
15.Bc1f4 Qd8e8
16.Qh5h3 Rf8f6
17.Bd3e2 Rf6g6
18.Be2f3 Bc6xf3
19.Qh3xf3 d5
20.Bf4e5 Bg7xe5
21.Re1xe5 Ra8c8
22.Qf3e3 Qe8d7
23.Ra1d1 Qd7d6
24.Rd1d3 Kf7
25.Qe3f4 Rc8c7
26.Kf1 h5
27.h3 h4
28.Qf4d4 Qd6e7
29.Qd4f4 Qe7d6
30.a4 a5
31.Qf4d4 Kg8
32.Re5e3 Rc7g7
33.Rd3xc3 Kf7
34.Rc3c5 Rg6xg2
35.Re3c3 f4
36.Rc5c8 Rg2g1
37.Ke2 e5
38.Qd4a7 Kg6
39.Qa7xa5 Kf5
40.Rc3c6 Qd6d7
41.Rc8c7 Qd7e8
42.Rc7xg7 { resign }
1-0

[Event "Tourn. n9423"]
[Site "www.chess-mail.com"]
[Date "2017.06.12"]
[Round "1"]
[White "Mitja"]
[Black "Astroboy"]
[WhiteElo "2120"]
[BlackElo "2050"]
[Result "0-1"]
[Round "1"]
1.d4 e6
2.e3 c5
3.dxc5 Bf8xc5
4.c3 Ng8f6
5.Nb1d2 O-O
6.Nd2b3 Bc5b6
7.Ng1f3 d5
8.Bf1d3 Nb8c6
9.Nf3d4 e5
10.Nd4xc6 bxc6
11.h3 a5
12.Nb3d2 e4
13.Bd3c2 Qd8d6
14.a4 Qd6e5
15.Nd2f1 Qe5g5
16.g4 Rf8e8
17.b3 Nf6d7
18.Bc1b2 Nd7e5
19.Nf1h2 Qg5h4
20.Qd1d2 Bc8xg4
21.hxg4 Ne5f3
22.Nh2xf3 Qh4xh1
23.Ke2 exf3
24.Kd3 Qh1g2
25.Ra1e1 Re8xe3
26.fxe3 f2
27.Re1e2 Qg2e4
{ resign }
0-1

[Event "Tourn. n9257"]
[Site "www.chess-mail.com"]
[Date "2017.06.12"]
[Round "1"]
[White "Pdebonis"]
[Black "Szustan"]
[WhiteElo "2520"]
[BlackElo "2650"]
[Result "1/2-1/2"]
[Round "1"]
1.d4 d5
2.c4 dxc4
3.Ng1f3 Ng8f6
4.e3 e6
5.Bf1xc4 c5
6.O-O a6
7.dxc5 Qd8xd1
8.Rf1xd1 Bf8xc5
9.Bc4e2 O-O
10.b3 Nb8d7
11.Nf3e1 b5
12.Ne1d3 Bc5e7
13.Be2f3 Ra8b8
14.Bc1b2 Bc8b7
15.Nb1d2 Bb7xf3
16.Nd2xf3 Rb8c8
17.Ra1c1 Nf6d5
18.Kf1 Be7f6
19.Bb2xf6 Nd7xf6
20.Nd3c5 a5
21.a3 h6
22.Nc5b7 a4
23.b4 Rc8xc1
24.Rd1xc1 Nf6e4
25.Nf3d4 Rf8b8
26.Nb7c5 Ne4d6
27.e4 Nd5b6
28.e5 Nd6c4
29.Nd4xb5 Nc4xe5
30.Nb5d6 g5
31.Nc5e4 f5
32.Ne4c5 Rb8d8
33.Nc5b7 Rd8d7
34.Rc1c5 Ne5f7
35.Rc5c6 Nf7xd6
36.Nb7xd6 Nb6d5
37.g3 Kg7
38.Nd6b5 Kf6
39.Rc6a6 Rd7d8
40.Ra6xa4 Rd8c8
41.Nb5d4 Rc8c4
42.Nd4e2 f4
43.gxf4 gxf4
44.Kg2 Kf5
45.Ra4a6 e5
46.Ra6a5 Nd5f6
47.Ra5c5 Rc4xc5
48.bxc5 Nf6d5
49.f3 Ke6
50.Kh3 Nd5e3
51.Ne2c3 Kd7
52.a4 Kc6
53.Nc3e4 Ne3f1
54.Kg2 Nf1e3
55.Kf2 { draw }
1/2-1/2

[Event "Tourn. n9419"]
[Site "www.chess-mail.com"]
[Date "2017.06.12"]
[Round "1"]
[White "Cjood"]
[Black "Bojan"]
[WhiteElo "1920"]
[BlackElo "1960"]
[Result "0-1"]
[Round "1"]
1.d4 c6
2.c4 d6
3.Nb1c3 g6
4.h3 d5
5.c5 Bf8g7
6.e3 Nb8d7
7.b4 b6
8.a4 a5
9.Nc3a2 axb4
10.Na2xb4 Bc8b7
11.Ra1b1 bxc5
12.Nb4xd5 Bb7a6
13.Bf1xa6 Ra8xa6
14.Nd5f4 cxd4
15.exd4 Qd8a5
16.Bc1d2 Qa5xa4
17.Ng1e2 Qa4xd1
18.Rb1xd1 Ng8h6
19.d5 cxd5
20.Nf4xd5 Ra6d6
21.Bd2b4 Rd6e6
22.Nd5c7 Kd8
23.Nc7xe6 fxe6
24.Ne2f4 Ke8
25.Nf4xe6 Nh6f5
26.g4 Nf5d6
27.Ne6xg7 Kf7
28.Bb4c3 Nd7f6
29.g5 Nf6e4
30.f4 Ne4xc3
31.Rd1c1 Nc3b5
32.O-O Kxg7
33.Rf1e1 Kf7
34.Re1e5 Rh8a8
35.Rc1e1 Ra8a7
36.Kg2 Nb5d4
37.Kf2 Nd6f5
38.Re1b1 Ra7a3
39.Kg2 Ra3g3
40.Kh2 Nd4f3
41.Kh1 Rg3xh3
42.Kg2 Rh3g3
43.Kf2 Nf3xe5
44.fxe5 Rg3xg5
45.Kf3 h5
46.Kf2 Nf5g7
{ resign }
0-1

[Event "Tourn. n9348"]
[Site "www.chess-mail.com"]
[Date "2017.06.12"]
[Round "1"]
[White "Andychesston"]
[Black "Bojan"]
[WhiteElo "1970"]
[BlackElo "1960"]
[Result "1-0"]
[Round "1"]
1.e4 e5
2.Ng1f3 Nb8c6
3.d4 exd4
4.Nf3xd4 Nc6xd4
5.Qd1xd4 c6
6.Bc1d2 d6
7.Nb1c3 Bc8e6
8.Bf1c4 Be6xc4
9.Qd4xc4 Bf8e7
10.O-O-O Be7f6
11.Qc4b3 Qd8d7
12.Bd2f4 Bf6e7
13.e5 d5
14.Rh1e1 Qd7e6
15.Qb3xb7 Qe6c8
16.Qb7xc8 Ra8xc8
17.e6 Ng8f6
18.exf7 Kxf7
19.Rd1d4 h6
20.Bf4g3 Rh8e8
21.Rd4a4 Be7c5
22.f3 Nf6h5
23.Kd2 Nh5xg3
24.hxg3 Re8d8
25.Ra4f4 Kg6
26.Re1e6 Kh7
27.Nc3a4 Bc5d6
28.Rf4g4 Rc8c7
29.Rg4g6 Rc7d7
30.a3 Bd6e7
31.Re6xc6 Be7f6
32.Rg6g4 Bf6xb2
33.Na4xb2 Rd8b8
34.Rg4b4 Rb8a8
35.Rb4d4 Ra8e8
36.Rc6c5 Rd7e7
37.Kc3 Re7e2
38.Rd4d2 d4
39.Rd2xd4 Re2xg2
40.Rd4g4 Re8e7
41.Nb2d3 Rg2e2
42.Rg4e4 Re2xe4
43.fxe4 Re7xe4
44.Rc5c7 a6
45.Rc7c4 Re4e6
46.g4 Kg6
47.Nd3f4 { resign }
1-0

[Event "Tourn. n9374"]
[Site "www.chess-mail.com"]
[Date "2017.06.12"]
[Round "1"]
[White "Cjood"]
[Black "Cal"]
[WhiteElo "1910"]
[BlackElo "1700"]
[Result "1-0"]
[Round "1"]
1.c3 e5
2.e4 a6
3.Ng1f3 d6
4.Bf1c4 h6
5.d4 exd4
6.cxd4 b5
7.Bc4d5 Ng8f6
8.Bd5xa8 c6
9.Qd1c2 Bc8d7
10.Bc1f4 Bf8e7
11.O-O O-O
12.Nb1d2 Qd8b6
13.d5 c5
14.a4 b4
15.Nd2c4 Qb6c7
16.b3 Bd7g4
17.Qc2d3 Bg4xf3
18.Qd3xf3 Nb8d7
19.Qf3g3 Nf6h5
20.Qg3g4 Nh5f6
21.Qg4e2 Rf8xa8
22.Ra1e1 Ra8e8
23.Qe2f3 Nf6h7
24.Qf3g3 Be7f6
25.Nc4xd6 Qc7d8
26.Nd6xe8 Qd8xe8
27.Bf4xh6 Qe8f8
28.Bh6f4 g6
29.Bf4d6 Bf6e7
30.Bd6xe7 Qf8xe7
31.e5 a5
32.d6 Qe7e6
33.Re1e4 Nd7b6
34.Rf1c1 Nb6d7
35.f4 Kg7
36.Rc1f1 c4
37.f5 Qe6d5
38.Re4xc4 Nd7xe5
39.Rc4f4 g5
40.Rf4f2 Qd5d4
41.Kh1 f6
42.h4 g4
43.Rf2c2 Kh6
44.Qg3f4 Qd4xf4
45.Rf1xf4 Kh5
46.g3 Nh7f8
47.Rc2c8 Nf8h7
48.Rc8c5 Ne5d3
49.d7 Nd3xc5
50.d8Q Nc5xb3
51.Qd8e8 Kh6
52.Qe8g6 
1-0

[Event "Tourn. n9403"]
[Site "www.chess-mail.com"]
[Date "2017.06.12"]
[Round "1"]
[White "Madz123456"]
[Black "Drdoom"]
[WhiteElo "1670"]
[BlackElo "1610"]
[Result "1-0"]
[Round "1"]
1.e4 e5
2.Ng1f3 d5
3.exd5 Qd8xd5
4.Nb1c3 Qd5d6
5.Bf1c4 h6
6.O-O Nb8c6
7.d4 exd4
8.Nc3b5 Qd6d7
9.Rf1e1 Bf8e7
10.Bc1f4 { resign }
1-0

[Event "Tourn. n9398"]
[Site "www.chess-mail.com"]
[Date "2017.06.12"]
[Round "1"]
[White "Osopanda"]
[Black "Julian"]
[WhiteElo "1720"]
[BlackElo "1680"]
[Result "1-0"]
[Round "1"]
1.d4 d6
2.e4 Ng8f6
3.Nb1c3 Nb8d7
4.Bc1g5 e6
5.f4 Bf8e7
6.Ng1f3 O-O
7.Bf1d3 e5
8.fxe5 dxe5
{ time. }
1-0

[Event "Match"]
[Site "www.echecsemail.com"]
[Date "2017.06.12"]
[Round "1"]
[White "Llord"]
[Black "Ztornad"]
[WhiteElo "2040"]
[BlackElo "1650"]
[Result "1-0"]
[Round "1"]
1.e4 e5
2.Ng1f3 f6
3.Nb1c3 a6
4.d4 Nb8c6
5.d5 Nc6e7
6.Bf1d3 d6
7.Bc1e3 Ng8h6
8.O-O Ne7g6
9.a3 Nh6g4
10.h3 Ng4xe3
11.fxe3 Ng6f4
12.exf4 exf4
13.Nf3d4 g6
14.Rf1xf4 Qd8e7
15.Qd1f3 Bf8g7
16.Nd4e2 Bc8d7
17.Ra1f1 O-O-O
18.a4 h5
19.Ne2d4 f5
20.exf5 Rh8f8
21.fxg6 Bg7xd4
22.Kh1 Rf8xf4
23.Qf3xf4 Bd4e5
24.Qf4f2 Kb8
25.Rf1e1 Rd8f8
26.Qf2e2 Qe7g5
27.Nc3d1 Be5g3
28.Re1f1 Rf8e8
29.Qe2f3 Bg3e5
30.Qf3f7 Re8e7
31.Qf7f3 c5
32.Qf3f8 Re7e8
33.Qf8f7 Re8e7
34.Qf7f2 h4
35.b3 Be5d4
36.Qf2f8 Re7e8
37.Qf8xd6 Kc8
38.Rf1f7 Re8d8
39.c3 Bd4e5
40.Qd6xc5 Be5c7
41.g7 b6
42.Qc5b4 Qg5g3
43.Kg1 Bd7xh3
44.Bd3f1 Qg3h2
45.Kf2 Bc7g3
46.Ke2 Rd8e8
{ time. }
1-0

[Event "Match"]
[Site "www.echecsemail.com"]
[Date "2017.06.12"]
[Round "1"]
[White "Ztornad"]
[Black "Guidom"]
[WhiteElo "1650"]
[BlackElo "2000"]
[Result "0-1"]
[Round "1"]
1.Ng1f3 d5
2.d4 c6
3.c3 Bc8f5
4.Nb1d2 Ng8f6
5.h3 e6
6.Nd2b3 Bf8d6
7.Nf3e5 O-O
8.Bc1g5 Bd6e7
9.Nb3c5 Be7xc5
10.dxc5 h6
11.Bg5f4 Nf6e4
12.Bf4e3 f6
13.Ne5f3 Bf5h7
14.Qd1b3 Qd8c7
15.Ra1d1 Nb8d7
16.g4 Nd7xc5
17.Qb3b4 Nc5a6
18.Qb4a3 e5
19.Bf1g2 Rf8d8
20.O-O Ne4d6
21.b4 Nd6c4
22.Qa3c1 Qc7e7
23.a3 Na6c7
24.Be3c5 Qe7e6
25.e4 Bh7xe4
26.Nf3h4 Be4xg2
27.Nh4xg2 b6
28.Bc5e3 Rd8d7
29.Be3xh6 gxh6
30.Ng2h4 e4
31.Nh4f5 Rd7h7
32.Nf5d4 Qe6d7
33.Nd4f5 Nc7e6
34.Nf5xh6 Kg7
35.Nh6f5 Kg6
36.Kg2 Ne6g5
37.Rf1h1 Ng5f3
38.h4 Ra8h8
39.h5 Kf7
40.Nf5g3 Qd7xg4
41.h6 Nf3h4
42.Rh1xh4 Qg4xh4
43.Rd1h1 Qh4g4
44.a4 f5
45.Kf1 f4
46.Rh1h5 fxg3
47.Rh5g5 Qg4f3
48.Rg5xg3 Qf3h1
49.Rg3g1 Qh1h3
50.Rg1g2 Rh8g8
51.Qc1f4 { time. }
0-1

[Event "Match"]
[Site "www.echecsemail.com"]
[Date "2017.06.12"]
[Round "1"]
[White "Orae"]
[Black "Billyg"]
[WhiteElo "1710"]
[BlackElo "1670"]
[Result "0-1"]
[Round "1"]
1.e4 e6
2.d4 Qd8e7
3.c4 d5
4.cxd5 exd5
5.e5 Qe7xe5
6.Qd1e2 Qe5xe2
7.Ng1xe2 Ng8f6
8.Bc1g5 Nf6e4
9.h4 h6
10.Bg5f4 Nb8a6
11.a3 c5
12.g3 Bf8e7
13.f3 Ne4f6
14.Nb1c3 O-O
15.Bf4e5 Nf6h5
16.Nc3xd5 Be7f6
17.Be5xf6 Nh5xf6
18.Nd5xf6 gxf6
19.Ne2c3 cxd4
20.Nc3d5 Rf8e8
21.Kf2 Re8e6
22.Nd5f4 Re6d6
23.Bf1d3 Na6c5
24.b4 Nc5b3
25.Ra1e1 Bc8d7
26.g4 Ra8c8
27.Kg3 Nb3d2
28.Rh1h2 Nd2c4
29.Bd3xc4 Rc8xc4
30.Nf4g2 d3
31.Re1d1 d2
32.Ng2e3 Rc4d4
33.b5 a6
34.Ne3f1 Bd7xb5
35.Nf1e3 Bb5a4
36.Rd1b1 d1Q
37.Ne3xd1 Rd4xd1
38.Rb1xb7 Rd6d8
39.Rb7b6 Rd1d6
40.Rb6b4 Ba4c6
41.Rb4f4 Kg7
42.h5 Rd6d3
43.Rh2f2 Rd3xa3
44.Rf2c2 Bc6b7
45.Rc2c5 Rd8d3
46.Rc5f5 Rd3d6
47.Rf4b4 Bb7a8
48.Rb4b8 Ba8e4
49.Rb8e8 Be4xf5
50.gxf5 Rd6d3
51.Kg2 Rd3xf3
52.Re8a8 Rf3b3
{ resign }
0-1

[Event "Match"]
[Site "www.echecsemail.com"]
[Date "2017.06.12"]
[Round "1"]
[White "Cjood"]
[Black "Caspito"]
[WhiteElo "1850"]
[BlackElo "1920"]
[Result "0-1"]
[Round "1"]
1.e4 e5
2.Ng1f3 Nb8c6
3.Bf1c4 h6
4.Nb1c3 Bf8c5
5.O-O Ng8f6
6.d3 d6
7.a3 Bc8g4
8.b4 Bc5d4
9.Bc1b2 Nf6h5
10.h3 Bg4xh3
11.gxh3 Nh5f4
12.Kh2 Qd8d7
13.Nf3g1 h5
14.Ra1b1 g5
15.Nc3e2 g4
16.Ne2xf4 exf4
17.Bb2xd4 Nc6xd4
18.c3 g3
19.fxg3 fxg3
20.Kxg3 h4
21.Kh2 Nd4e6
22.Qd1g4 O-O-O
23.Rf1f6 Rd8g8
24.Qg4f5 Rg8g5
25.Qf5f3 Rg5g3
26.Qf3f2 Rh8g8
27.Qf2xa7 Rg3g2
28.Kh1 c6
29.Ng1f3 Ne6f4
30.Nf3g5 Rg8xg5
31.Qa7a8 Kc7
32.Rf6xf7 Qd7xf7
33.Bc4xf7 Nf4xd3
34.Qa8e8 Nd3f2
{ resign }
0-1

[Event "Match"]
[Site "www.echecsemail.com"]
[Date "2017.06.12"]
[Round "1"]
[White "Raulazo"]
[Black "Mrynmryn"]
[WhiteElo "1860"]
[BlackElo "1800"]
[Result "1-0"]
[Round "1"]
1.e4 e5
2.Ng1f3 Ng8f6
3.Nb1c3 Nb8c6
4.Nf3g5 h6
5.Ng5xf7 Kxf7
6.Bf1c4 Ke7
7.O-O d6
8.Nc3e2 Bc8e6
9.Bc4xe6  { time }
1-0

[Event "Match"]
[Site "www.echecsemail.com"]
[Date "2017.06.12"]
[Round "1"]
[White "Cjood"]
[Black "Coraza"]
[WhiteElo "2000"]
[BlackElo "1800"]
[Result "1-0"]
[Round "1"]
1.e4 e5
2.Ng1f3 Nb8c6
3.Bf1c4 h6
4.O-O Ng8f6
5.c3 Nf6xe4
6.d3 Ne4f6
7.Rf1e1 Bf8c5
8.d4 Bc5e7
9.dxe5 Nf6h7
10.g3 b6
11.Bc1f4 Bc8b7
12.Qd1b3 O-O
13.Nb1d2 Nc6a5
14.Qb3d1 Be7c5
15.b4 Bb7xf3
16.Qd1xf3 Na5c6
17.bxc5 bxc5
18.Nd2b3 Qd8e7
19.Qf3g4 Kh8
20.Ra1d1 Ra8d8
21.Bc4b5 Nc6b8
22.Bf4e3 a6
23.Be3xc5 d6
24.exd6 Qe7g5
25.Qg4xg5 Nh7xg5
26.dxc7 Rd8xd1
27.Re1xd1 Ng5f3
28.Kg2 Nf3g5
29.Bc5xf8 axb5
30.cxb8Q { resign }
1-0

[Event "Tourn. n9407"]
[Site "www.chess-mail.com"]
[Date "2017.06.13"]
[Round "1"]
[White "Madz123456"]
[Black "Albertf"]
[WhiteElo "1670"]
[BlackElo "1840"]
[Result "1-0"]
[Round "1"]
1.e4 e5
2.Ng1f3 Nb8c6
3.Bf1b5 Ng8e7
4.Nb1c3 a6
5.Bb5c4 f6
6.d4 exd4
7.Nf3xd4 Nc6e5
8.Bc4b3 c5
9.Nd4f5 c4
10.Nf5d6 
1-0

[Event "Tourn. n9332"]
[Site "www.chess-mail.com"]
[Date "2017.06.13"]
[Round "1"]
[White "Szustan"]
[Black "Pdebonis"]
[WhiteElo "2590"]
[BlackElo "2610"]
[Result "1/2-1/2"]
[Round "1"]
1.e4 e5
2.Ng1f3 Nb8c6
3.Nb1c3 Ng8f6
4.d4 exd4
5.Nc3d5 Bf8e7
6.Nf3xd4 Nf6xd5
7.exd5 Nc6xd4
8.Qd1xd4 O-O
9.Bf1e2 Be7f6
10.Qd4d1 d6
11.O-O Bc8f5
12.c3 Rf8e8
13.Rf1e1 Qd8d7
14.Bc1e3 Re8e7
15.a4 h6
16.Be2b5 c6
17.Bb5e2 Ra8e8
18.Qd1d2 Bf5e4
19.dxc6 bxc6
20.Ra1d1 d5
21.b4 Bf6e5
22.Be3c5 Be5d6
23.Bc5xd6 Qd7xd6
24.Be2f1 Be4g6
25.Re1xe7 Qd6xe7
26.h3 Qe7e4
27.a5 Kh7
28.f3 Qe4e6
29.Qd2f2 Qe6e7
30.a6 f6
31.Rd1d2 Qe7c7
32.Rd2e2 Re8xe2
33.Bf1xe2 Qc7e5
{ draw }
1/2-1/2

[Event "Tourn. n9334"]
[Site "www.chess-mail.com"]
[Date "2017.06.13"]
[Round "1"]
[White "Wwgia"]
[Black "Mitja"]
[WhiteElo "1900"]
[BlackElo "1990"]
[Result "0-1"]
[Round "1"]
1.d4 d5
2.c4 dxc4
3.e3 e6
4.Bf1xc4 c6
5.Ng1f3 h6
6.O-O Nb8d7
7.Nb1c3 Nd7b6
8.Bc4b3 Ng8f6
9.e4 Bf8e7
10.Qd1e2 O-O
11.Bc1f4 Rf8e8
12.Rf1d1 Nf6h5
13.Bf4e3 Nh5f6
14.Ra1c1 Nf6g4
15.Be3f4 Ng4f6
16.h3 Nf6h5
17.Bf4h2 Nh5f6
18.a3 Nb6d7
19.e5 Nf6h7
20.Bb3c2 Nh7f8
21.Qe2e4 Nd7b6
22.h4 Nb6d5
23.Qe4g4 b6
24.Nc3xd5 cxd5
25.Rd1d3 Bc8a6
26.Rd3e3 Ra8c8
27.Nf3e1 Qd8d7
28.Re3g3 g6
29.h5 g5
30.f4 Nf8h7
31.Ne1f3 Qd7b5
32.fxg5 Nh7xg5
33.Nf3xg5 Be7xg5
34.Qg4f4 Kf8
 { time }
0-1

[Event "Tourn. n9368"]
[Site "www.chess-mail.com"]
[Date "2017.06.13"]
[Round "1"]
[White "Bigrezi"]
[Black "Antuan72"]
[WhiteElo "1960"]
[BlackElo "1920"]
[Result "1/2-1/2"]
[Round "1"]
1.e4 c5
2.Ng1f3 Nb8c6
3.Bf1b5 d6
4.d4 cxd4
5.Nf3xd4 Bc8d7
6.O-O Ng8f6
7.Nb1c3 a6
8.Nd4xc6 bxc6
9.Bb5d3 e5
10.Bd3c4 Bf8e7
11.Bc1g5 O-O
12.Bg5xf6 Be7xf6
13.Qd1xd6 Qd8e7
14.Ra1d1 Ra8d8
15.Qd6xe7 Bf6xe7
16.Bc4xa6 Bd7e6
17.b3 Be7b4
18.Nc3a4 g6
19.c3 Bb4e7
20.Ba6b7 c5
21.c4 Rd8d4
22.Rd1xd4 exd4
23.Bb7d5 Rf8d8
24.Rf1e1 Kg7
25.Na4b2 Be6xd5
26.exd5 Be7d6
27.Nb2d3 Rd8d7
28.g3 f6
29.f4 Kf7
30.b4 cxb4
31.c5 Bd6f8
32.Nd3xb4 Bf8xc5
33.Nb4d3 Rd7xd5
34.Nd3xc5 Rd5xc5
35.Re1d1 Rc5d5
36.Kf2 Ke6
37.Kf3 f5
38.Ke2 Kd6
39.a4 Kc6
40.Kd3 Rd5c5
41.Rd1d2 { draw }
1/2-1/2

[Event "Tourn. n9383"]
[Site "www.chess-mail.com"]
[Date "2017.06.13"]
[Round "1"]
[White "Bojan"]
[Black "Luban"]
[WhiteElo "2010"]
[BlackElo "2100"]
[Result "1-0"]
[Round "1"]
1.e4 c5
2.Ng1f3 d6
3.c3 a6
4.d4 cxd4
5.Nf3xd4 e6
6.g3 h6
7.f3 Ng8f6
8.Bf1d3 Bf8e7
9.Bc1e3 Bc8d7
10.Nb1d2 Nb8c6
11.b4 Nc6e5
12.Bd3e2 O-O
13.h3 d5
14.f4 Ne5c6
15.e5 Nf6e4
16.Nd2xe4 dxe4
17.Qd1c2 Nc6xd4
18.Be3xd4 Bd7c6
19.O-O Ra8c8
20.Ra1d1 Qd8c7
21.a3 b5
22.Rd1c1 Bc6d5
23.Rf1e1 f5
24.Be2f1 Bd5c4
25.Bf1g2 Rf8d8
26.Qc2f2 Rc8b8
27.g4 a5
28.Qf2g3 axb4
29.axb4 Rd8f8
30.Rc1a1 Qc7d8
31.Re1d1 Be7h4
32.Qg3e3 Qd8c8
33.Bd4c5 Rf8f7
34.Rd1d2 Bc4d3
35.Bg2f1 Bd3xf1
36.Kxf1 Rb8b7
37.Ra1d1 Rf7d7
38.Rd2d4 Rd7xd4
39.Rd1xd4 Rb7d7
40.Qe3e2 Rd7xd4
41.Bc5xd4 Qc8b7
42.gxf5 exf5
43.Qe2h5 Bh4e7
44.Qh5xf5 e3
45.Ke2 Qb7g2
46.Kxe3 Qg2g1
47.Ke2 Qg1g2
48.Bd4f2 Be7h4
49.Qf5e6 Kh8
50.Qe6b6 Qg2e4
51.Qb6e3 Qe4c2
52.Kf3 Qc2d1
53.Kg2 Qd1d5
54.Qe3f3 { resign }
1-0

[Event "Tourn. n9414"]
[Site "www.chess-mail.com"]
[Date "2017.06.13"]
[Round "1"]
[White "Cristiano"]
[Black "Madz123456"]
[WhiteElo "1820"]
[BlackElo "1730"]
[Result "0-1"]
[Round "1"]
1.e4 c5
2.Ng1f3 d6
3.d4 cxd4
4.Nf3xd4 Ng8f6
5.Nb1c3 a6
6.Bf1c4 e6
7.Bc4b3 b5
8.a3 Bf8e7
9.f4 Bc8b7
10.Qd1e2 O-O
11.e5 dxe5
12.fxe5 Qd8xd4
13.exf6 Qd4xf6
14.h4 h6
15.Bc1d2 Nb8c6
16.O-O-O Nc6d4
17.Qe2g4 Ra8d8
18.Rd1f1 Nd4f5
{ resign }
0-1

[Event "Tourn. n9319"]
[Site "www.chess-mail.com"]
[Date "2017.06.13"]
[Round "1"]
[White "Roserl"]
[Black "Seger"]
[WhiteElo "2200"]
[BlackElo "2680"]
[Result "0-1"]
[Round "1"]
1.e4 c5
2.Ng1f3 d6
3.d4 cxd4
4.Nf3xd4 Ng8f6
5.Nb1c3 a6
6.Bc1g5 e6
7.f4 Qd8b6
8.Qd1d2 Qb6xb2
9.Ra1b1 Qb2a3
10.Bg5xf6 gxf6
11.Bf1e2 Nb8c6
12.Nd4xc6 bxc6
13.O-O Bf8e7
14.f5 Qa3a5
15.Kh1 h5
16.Qd2d3 exf5
17.exf5 Bc8d7
18.Be2f3 Kf8
19.Bf3e4 d5
20.Be4f3 Qa5c7
21.Bf3e2 Qc7e5
22.Rb1b7 Bd7c8
23.Rb7b1 h4
24.Rf1f3 Be7d6
25.Rf3h3 Bc8xf5
{ resign }
0-1

[Event "Tourn. n9404"]
[Site "www.chess-mail.com"]
[Date "2017.06.13"]
[Round "1"]
[White "Astroboy"]
[Black "Cjood"]
[WhiteElo "2079"]
[BlackElo "1880"]
[Result "1-0"]
[Round "1"]
1.d4 g6
2.e4 d5
3.e5 Bc8f5
4.Nb1c3 e6
5.g4 Bf5e4
6.f3 Qd8h4
7.Ke2 Be4xf3
8.Ng1xf3 Qh4xg4
9.Rh1g1 Qg4h5
10.Rg1g5 Qh5h6
11.Nc3b5 Nb8a6
12.c4 dxc4
13.Qd1a4 c6
14.Kf2 cxb5
15.Qa4xb5 Kd8
16.Qb5xb7 Na6c7
17.Bc1d2 Ng8e7
18.Bd2a5 Ne7d5
19.Qb7xa8 Kd7
20.Qa8xa7 Bf8e7
21.Ba5xc7 Nd5xc7
22.Qa7a4 Kc8
23.Rg5g4 f5
24.exf6 Be7xf6
25.Rg4e4 Rh8f8
26.Bf1xc4 Bf6h4
27.Ke2 Rf8xf3
28.Kxf3 Bh4f6
29.Bc4xe6 Nc7xe6
30.Qa4a6 Kd8
31.Qa6xe6 Qh6h5
32.Kg2 Qh5g5
33.Kh1 Qg5d2
34.Qe6xf6 Kc8
35.Re4e7 Qd2xd4
36.Qf6xd4 g5
37.Qd4h8 { resign }
1-0

[Event "Tourn. n9358"]
[Site "www.chess-mail.com"]
[Date "2017.06.13"]
[Round "1"]
[White "Madz123456"]
[Black "Odrum1"]
[WhiteElo "1500"]
[BlackElo "1310"]
[Result "1-0"]
[Round "1"]
1.e4 e5
2.Ng1f3 Nb8c6
3.Bf1b5 a6
4.Bb5a4 b5
5.Ba4b3 Bf8b4
6.c3 Bb4c5
7.d4 exd4
8.cxd4 Bc5b6
9.Nb1c3 d6
10.a4 Bc8g4
11.Bb3d5  { time }
1-0

[Event "Tourn. n9400"]
[Site "www.chess-mail.com"]
[Date "2017.06.13"]
[Round "1"]
[White "Orhany24"]
[Black "Amaya"]
[WhiteElo "2240"]
[BlackElo "2020"]
[Result "1-0"]
[Round "1"]
1.e4 e6
2.d4 d5
3.exd5 exd5
4.Ng1f3 Ng8f6
5.Bf1d3 Bf8e7
6.O-O O-O
7.h3 Bc8d7
8.Bc1g5 Rf8e8
9.c4 dxc4
10.Bd3xc4 Nf6e4
11.Bg5xe7 Re8xe7
12.Nb1c3 Bd7f5
13.Rf1e1 Ne4xc3
14.bxc3 Nb8c6
15.Qd1d2 Qd8d7
16.Re1xe7 Nc6xe7
17.Ra1e1 Ra8e8
18.Nf3e5 Qd7c8
19.Bc4xf7 Kf8
20.Bf7xe8 Qc8xe8
21.Qd2f4 Qe8c8
22.g4 Ne7d5
23.Qf4xf5 { resign }
1-0

[Event "Tourn. n9390"]
[Site "www.chess-mail.com"]
[Date "2017.06.13"]
[Round "1"]
[White "Cjood"]
[Black "Picifarkinca"]
[WhiteElo "2000"]
[BlackElo "2020"]
[Result "0-1"]
[Round "1"]
1.e4 c6
2.d4 d5
3.e5 Bc8f5
4.Bf1d3 Bf5xd3
5.cxd3 e6
6.Bc1d2 Nb8d7
7.Nb1c3 Ng8e7
8.g4 Qd8b6
9.Ng1e2 c5
10.dxc5 Nd7xc5
11.Bd2e3 Ne7c6
12.Be3xc5 Bf8xc5
13.Nc3a4 Bc5xf2
14.Kf1 Qb6e3
15.Na4c3 Bf2h4
16.Kg2 Qe3f2
17.Kh3 Bh4e7
18.Ne2g3 h5
19.gxh5 O-O-O
20.Rh1f1 Qf2d4
21.Rf1xf7 Qd4h4
22.Kg2 Rd8f8
23.Qd1f3 Nc6xe5
24.Rf7xf8 Rh8xf8
25.Qf3e2 Be7c5
26.Ra1f1 Rf8xf1
27.Kxf1 Qh4f4
28.Kg2 Qf4e3
29.Qe2xe3 Bc5xe3
30.Nc3b5 a6
31.Nb5d6 Kb8
32.Kh3 Ne5xd3
33.b3 Nd3c1
34.Ng3f5 Be3f4
35.Nf5xg7 Bf4xd6
36.Ng7xe6 Bd6e5
37.Ne6c5 Kc7
38.Nc5e6 Kd6
39.Ne6g5 Ke7
40.h6 Be5a1
{ resign }
0-1

[Event "Tourn. n9400"]
[Site "www.chess-mail.com"]
[Date "2017.06.13"]
[Round "1"]
[White "Balbyns"]
[Black "Amaya"]
[WhiteElo "2040"]
[BlackElo "2020"]
[Result "1-0"]
[Round "1"]
1.e4 e6
2.d4 d5
3.exd5 Qd8xd5
4.Ng1f3 Ng8f6
5.Bf1e2 Bf8d6
6.c4 Qd5a5
7.Bc1d2 Bd6b4
8.Bd2xb4 Qa5xb4
9.Qd1d2 Qb4d6
10.Nb1c3 O-O
11.O-O Nb8c6
12.c5 Qd6d8
13.Ra1d1 Nf6d5
14.Rf1e1 Nc6b4
15.a3 Nd5xc3
16.bxc3 Nb4d5
17.Be2d3 g6
18.Qd2h6 f6
19.Bd3xg6 hxg6
20.Qh6xg6 Kh8
21.Re1e4 f5
22.Re4h4 Qd8xh4
23.Nf3xh4 Rf8f6
24.Qg6e8 Kg7
25.c4 Rf6f8
26.Qe8g6 { resign }
1-0

[Event "Tourn. n9388"]
[Site "www.chess-mail.com"]
[Date "2017.06.13"]
[Round "1"]
[White "Cristiano"]
[Black "Conde7"]
[WhiteElo "2240"]
[BlackElo "2870"]
[Result "0-1"]
[Round "1"]
1.e4 c5
2.Ng1f3 d6
3.d4 cxd4
4.Nf3xd4 Ng8f6
5.Nb1c3 a6
6.Bf1c4 e6
7.f4 b5
8.Bc4d3 Bc8b7
9.h3 b4
10.Nc3a4 Bb7xe4
11.Bd3xe4 Nf6xe4
12.O-O d5
13.b3 Bf8d6
14.Bc1b2 Nb8d7
15.Nd4c6 Qd8c7
16.Nc6e5 Nd7xe5
17.fxe5 Bd6xe5
{ resign }
0-1

[Event "Match"]
[Site "www.echecsemail.com"]
[Date "2017.06.13"]
[Round "1"]
[White "Llord"]
[Black "Raulazo"]
[WhiteElo "2040"]
[BlackElo "1830"]
[Result "1/2-1/2"]
[Round "1"]
1.e4 e5
2.Ng1f3 Nb8c6
3.Bf1c4 h6
4.O-O Ng8f6
5.Nb1c3 Bf8b4
6.Bc4d3 b6
7.a3 Bb4xc3
8.dxc3 Bc8b7
9.Rf1e1 Qd8e7
10.b4 a5
11.Bd3b5 Nc6a7
12.Bb5a4 Bb7xe4
13.Bc1b2 O-O-O
14.bxa5 bxa5
15.Qd1e2 d5
16.c4 c6
17.cxd5 Rd8xd5
18.Qe2a6 Kb8
19.Qa6b6 Qe7b7
20.Qb6xb7 Kxb7
21.Ba4b3 Rd5b5
22.Bb2c3 Be4xf3
23.gxf3 Rh8d8
24.Bb3xf7 Rd8d7
25.Bf7e6 Rd7e7
26.Be6b3 Nf6h5
27.Bb3a4 Rb5c5
28.Ra1b1 Kc8
29.Bc3d2 Rc5c4
30.Ba4b3 Rc4d4
31.Bd2e3 Rd4h4
32.Be3xa7 Re7xa7
33.Bb3e6 Kc7
34.Re1xe5 Kd6
35.Rb1e1 Nh5f4
36.Be6g4 h5
37.Bg4e6 Nf4g6
38.Re5e3 Ng6f4
39.Re1d1 Kc7
40.Rd1d7 Kb6
41.Rd7xa7 Kxa7
42.Be6b3 Nf4g6
43.Bb3f7 Ng6f4
44.Re3e7 Kb6
45.Bf7b3 g6
46.Bb3f7 Kb5
47.Bf7b3 a4
48.Bb3f7 c5
49.c4 Kb6
50.Bf7e6 Nf4e2
51.Kg2 Rh4d4
52.Re7g7 Ka5
53.Be6f7 Rd4d3
54.Bf7xg6 Rd3xa3
55.Bg6e8 Ra3c3
56.Rg7a7 Kb4
57.Ra7xa4 Kb3
58.h3 h4
59.Be8b5 Ne2f4
60.Kh2 Rc3xf3
61.Ra4a5 Rf3xf2
62.Kg1 Rf2f3
63.Bb5d7 Rf3c3
64.Ra5xc5 Rc3xc4
65.Rc5xc4 Kxc4
66.Kh2 Kd4
67.Bd7g4 Ke3
68.Kg1 Ke4
69.Kf2 Nf4d3
70.Kg2 Ke3
71.Kg1 { draw }
1/2-1/2

[Event "Match"]
[Site "www.echecsemail.com"]
[Date "2017.06.13"]
[Round "1"]
[White "Pdebonis"]
[Black "Witpar"]
[WhiteElo "2049"]
[BlackElo "2630"]
[Result "1/2-1/2"]
[Round "1"]
1.e4 c5
2.Ng1f3 e6
3.d4 cxd4
4.Nf3xd4 Ng8f6
5.Nb1c3 d6
6.Bf1e2 a6
7.O-O Bf8e7
8.f4 O-O
9.a4 Qd8c7
10.Kh1 b6
11.e5 dxe5
12.fxe5 Nf6d7
13.Be2f3 Bc8b7
14.Bc1f4 Nb8c6
15.Bf3xc6 Bb7xc6
16.Qd1g4 Kh8
17.Nd4xc6 Qc7xc6
18.Ra1d1 Ra8c8
19.Bf4g3 Kg8
20.Rf1f2 Rc8d8
21.Rd1f1 Be7c5
22.Rf2f3 Bc5e7
23.Rf3f2 g6
24.Qg4e2 a5
25.Rf2f3 Nd7c5
26.Qe2c4 Be7g5
27.Bg3f2 Rd8d7
28.b3 h5
29.Bf2e3 Bg5xe3
30.Rf3xe3 Qc6a8
31.Re3e2 Qa8c8
32.Qc4h4 Qc8d8
33.Qh4f4 Rd7d4
34.Qf4h6 Rd4g4
35.Qh6e3 Qd8h4
36.Kg1 Rf8d8
37.Qe3f3 Rd8d7
38.g3 Qh4g5
39.Nc3b5 h4
40.Kg2 hxg3
41.hxg3 Kf8
42.Rf1f2 Rg4h4
43.Nb5d6 f5
44.Qf3a8 Rd7d8
45.Qa8a7 Nc5d7
46.Qa7c7 Rh4d4
47.Re2e4 Rd4xe4
48.Nd6xe4 Qg5e7
49.Ne4d2 Nd7c5
50.Qc7xb6 Rd8d5
51.Rf2e2 Kg7
52.Qb6c6 Qe7g5
53.Qc6c7 Kg8
54.Nd2f3 Qg5g4
55.Qc7e7 Nc5e4
56.Qe7h4 Qg4xh4
57.gxh4 Kf8
58.Nf3g5 Ne4xg5
59.hxg5 Rd5d4
60.Kf3 Rd4h4
61.Ke3 Ke8
62.c3 Ke7
63.Kd3 Kd7
64.Re2b2 Kc6
65.b4 axb4
66.Rb2xb4 Rh4h3
67.Kc4 Rh3e3
68.Rb4b8 Re3e4
69.Kb3 Re4xe5
70.Rb8c8 Kd6
71.Rc8g8 { draw }
1/2-1/2

[Event "Match"]
[Site "www.echecsemail.com"]
[Date "2017.06.13"]
[Round "1"]
[White "Motorhead99"]
[Black "Mdesouza"]
[WhiteElo "1829"]
[BlackElo "2220"]
[Result "0-1"]
[Round "1"]
1.e4 c5
2.Ng1f3 Nb8c6
3.d4 cxd4
4.Nf3xd4 e5
5.Nd4xc6 bxc6
6.Bf1d3 Bc8a6
7.O-O Ba6xd3
8.Qd1xd3 Ng8f6
9.Bc1g5 a5
10.Nb1d2 d5
11.Rf1d1 Bf8e7
12.exd5 cxd5
13.Qd3b5 Qd8d7
14.Qb5e2 Qd7f5
15.Qe2b5 Qf5d7
16.Qb5xd7 Kxd7
17.Nd2c4 Ke6
18.Nc4e3 Rh8d8
19.f3 Ra8c8
20.Bg5xf6 Be7xf6
21.Ne3g4 Rc8xc2
22.Ng4xf6 Kxf6
23.Ra1b1 d4
{ resign }
0-1